ARRUPE JESUIT UNIVERSITY

CORONAVIRUS -STOP THE SPREAD - CLEAN,DISINFECT,COVER

The Spanish inquisition, (Record no. 120942)

MARC details
000 -LEADER
fixed length control field 00795cam a2200277 4500
001 - CONTROL NUMBER
control field 3233128
003 - CONTROL NUMBER IDENTIFIER
control field ARRUPE
005 - DATE AND TIME OF LATEST TRANSACTION
control field 20140924164634.0
008 - FIXED-LENGTH DATA ELEMENTS--GENERAL INFORMATION
fixed length control field 790910s1937 enka b 001 0 eng
010 ## - LIBRARY OF CONGRESS CONTROL NUMBER
LC control number 38021160
035 ## - SYSTEM CONTROL NUMBER
System control number (OCoLC)ocm05356259
040 ## - CATALOGING SOURCE
Original cataloging agency DLC
Transcribing agency YPM
Modifying agency OCL
-- ZCU
050 ## - LIBRARY OF CONGRESS CALL NUMBER
Classification number BX1735
Item number .R6
082 ## - DEWEY DECIMAL CLASSIFICATION NUMBER
Classification number 272.20946
099 ## - LOCAL FREE-TEXT CALL NUMBER (OCLC)
Classification number 933.1
-- R742
300 ## - PHYSICAL DESCRIPTION
Other physical details front., plates, ports., facsims.
Dimensions 22 cm.
100 1# - MAIN ENTRY--PERSONAL NAME
Personal name Roth, Cecil,
Dates associated with a name 1899-1970.
9 (RLIN) 11596
245 14 - TITLE STATEMENT
Title The Spanish inquisition,
Statement of responsibility, etc by Cecil Roth.
260 ## - PUBLICATION, DISTRIBUTION, ETC. (IMPRINT)
Place of publication, distribution, etc London,
Name of publisher, distributor, etc R. Hale,
Date of publication, distribution, etc 1937.
300 ## - PHYSICAL DESCRIPTION
Extent 320 p.
504 ## - BIBLIOGRAPHY, ETC. NOTE
Bibliography, etc "Select bibliography": p. 309-311.
650 #0 - SUBJECT ADDED ENTRY--TOPICAL TERM
Topical term or geographic name as entry element Inquisition
Geographic subdivision Spain.
9 (RLIN) 11597
650 #0 - SUBJECT ADDED ENTRY--TOPICAL TERM
Topical term or geographic name as entry element Jews
Geographic subdivision Spain.
9 (RLIN) 11598
650 #0 - SUBJECT ADDED ENTRY--TOPICAL TERM
Topical term or geographic name as entry element Jews
General subdivision Persecutions.
9 (RLIN) 11599
942 ## - ADDED ENTRY ELEMENTS (KOHA)
Source of classification or shelving scheme Library of Congress Classification
Koha item type Monograph ( Printed materials)
Holdings
Withdrawn status Lost status Source of classification or shelving scheme Damaged status Not for loan Collection code Home library Current library Shelving location Date acquired Total Checkouts Full call number Barcode Date last seen Price effective from Koha item type
    Library of Congress Classification     Main Collection ARRUPE LIBRARY ARRUPE LIBRARY Main Collection 24/09/2014   BX1735 .R6 46500000255 22/11/2017 24/09/2014 Monograph ( Printed materials)

 

Arrupe Library. PO Box MP320 Mt Pleasant, Harare, Zimbabwe
263 242 745411|librarian@aju.ac.zw